India General Knowledge Quiz I - Statistics

General Stats
  • This quiz has been taken 39 times
  • The average score is 7 of 11
Answer Stats
Zonal Council Hint Answer % Correct
Punjab Which major religion originated in this fertile area in the 15th century? Punjab is the only state of India where people following this religion are in the majority (c. 58%). Sikhism
92%
Jammu and Kashmir The beautiful Kashmir valley is one of the top tourist destinations in India. But the area is also disputed with which other country? Pakistan
89%
Uttar Pradesh This is the most populous state in India (with c. 200 million people). It is home to one of the 'modern seven wonders of the world' (built in 17th century Agra). This is what? Taj Mahal
86%
Haryana Contemporary with those in ancient Egypt and Mesopotamia, this was the site of a sophisticated Bronze Age civilisation. Which river valley is it named after? Indus
78%
Rajasthan Most of the Great Indian Desert lies in this state. What is its alternative name? (The ____ Desert). Thar
75%
Central Chhattisgarh 80% of the population here is rural, and agriculture is very important to the economy. The state is known as "the ___ bowl of central India". Rice
69%
Uttarakhand This is also known as the 'Devabhumi' - the 'Land of the Gods'. There are many temples and shrines here, and over 80% of the population follow the religion they relate to. This is? Hinduism
67%
Himachal Pradesh This is a very mountainous area. Over 99% of households have electricity. How is it generated? (It provides 25% of the whole country's electricity). Hydroelectric dams / Hydropower
61%
Delhi There is a famous (and slightly mysterious) 7 metre tall pillar here. It's very uncorroded although it dates from c.400 CE. It shows the level of skill people had in working with which metal? Iron
58%
Madhya Pradesh The official animal of this state is the Barasingha. Its name means 'twelve horned' in Hindustani. Mature male animals might have even more! What sort of creature is it? Deer (Swamp deer)
44%
Northern Chandigarh The modernist World Heritage-listed Capitol Complex buildings here were designed by which very famous Swiss-French architect? Le Courbusier
3%
No matching quizzes found
Score Distribution
Percent of People with Each Score
Percentile by Number Answered
Your Score History
You have not taken this quiz